000 00482nam a2200169Ia 4500
008 230714s9999 xx 000 0 und d
020 _a69800000000000
041 _aeng
082 _a004.16
_bMHA
100 _aMhatre S.C.
_9193013
245 _aMicroprocessors And Interfacing Techniques
260 _c2012
_bJaico Publishing House
300 _a453
365 _cRs.
_b395.00
700 _aMhatre S.C.
_9193013
906 _dO:0244713-Jan-2012B:SL 11/115213-Jan-2012
_cCOMP
_b790
999 _c205292
_d205292